000 01033nam a2200253Ia 4500
003 OSt
005 20220923211120.0
006 a|||||r|||| 00| 0
007 ta
008 220922b |||||||| |||| 00| 0 hin d
020 _a8181435672 (hbk)
_c175
024 _a234,370
037 _b481, 21/03/2008, Vani Prakashan
_cTextual
040 _aARTS
_cARTS
_bhin
041 _2hin
_ahin
082 _aY5927wNME, P6
100 _aमेकवान, मार्टिन; सोनी, रामनरेश, अनु.
_9158387
245 0 _aमेरी कथा* दलित यातना, संघर्ष भविष्य
246 _aMerī kathā: dalit yātanā, sangharṣha bhaviṣhya
260 _aनई दिल्ली
_b वाणी प्रकाशन
_c2006
300 _a151पृ.
_ccm.
942 _hY5927wNME, P6
_cTEXL
_2CC
999 _c295483
_d295483